000
00250nam a2200097Ia 4500
001
687387
005
20250826161555.0
008
250824s9999 xx 000 0 und d
245
0
_a
ÜSTÜME KAR YAĞIYOR
_c
PAKİZE ÖZCAN
260
_b
GÜNIŞIĞI YAYINLARI
999
_c
687387
_d
687387